000 00864nam1a22002411i 4500
001 rc\4853590
005 20240724132440.0
035 _a(NLR Aleph) 008815410
090 _a8188118
_c8188118
100 _a20130426d1964 |||y0rusy50 ca
101 0 _arus
102 _aRU
105 _a g |||||
200 1 _aВыводы энергии мощных электронных приборов сверхвысоких частот
_eСправочные материалы
_fСост. Я.М. Туровер. Вып. 1-
210 _aБ. м.
_cБ. и.
_d1964
215 _d20
225 1 _aВ помощь инженеру-разработчику
333 _aБез права выноса
700 1 _aТуровер
_bЯ.М.
_gЯков Моисеевич
_4220
801 0 _aRU
_bNLR
_gpsbo
801 1 _aRU
_bELAR
_2rusmarc
852 _aNLR
_j64-6/13559
942 _cBOOK